| 000 | 00000nam##2200000za#4500 |
| 001 | 9.599678 |
| 003 | CaOODSP |
| 005 | 20240501092931 |
| 007 | cr ||||||||||| |
| 008 | 150406|2004||||xxc|||||o f|0| 0 fre|d |
| 040 | |aCaOODSP|bfre |
| 043 | |an-cn--- |
| 086 | 1 |aPS83-3/149F-PDF |
| 110 | 2 |aService correctionnel Canada. |
| 245 | 13|aLe contrôle au hasard d'échantillons d'urine comme moyen de combattre la consommation de drogues en milieu carcéral : |h[ressource électronique]|bun examen des enjeux / |c[par] Patricia MacPherson. |
| 260 | |bService correctionnel Canada |cFévrier 2004. |
| 300 | |a57p.|bfigure, références, tableaux |
| 490 | 1 |aRapport de recherche|vR-149 |
| 590 | |a10-11-Supp|b2010-11-10 |
| 720 | 1 |aMacPherson, Patricia |
| 775 | 08|tUse of random urinalysis to deter drug use in prison : |w(CaOODSP)9.568390 |
| 830 | #0|aRapport de recherche (Service correctionnel Canada. Direction de la recherche)|vR-149|w(CaOODSP)9.502465 |
| 856 | 40|ahttp://publications.gc.ca|qPDF|s244 Ko|uhttps://publications.gc.ca/collections/collection_2010/scc-csc/PS83-3-149-fra.pdf|yR-149 |